Sugathakumari (Record no. 240373)
[ view plain ]
| 000 -LEADER | |
|---|---|
| fixed length control field | 00687nam a22002177a 4500 |
| 005 - DATE AND TIME OF LATEST TRANSACTION | |
| control field | 20250828095857.0 |
| 008 - FIXED-LENGTH DATA ELEMENTS--GENERAL INFORMATION | |
| fixed length control field | 250822b |||||||| |||| 00| 0 eng d |
| 020 ## - INTERNATIONAL STANDARD BOOK NUMBER | |
| International Standard Book Number | 9789361833328 |
| 040 ## - CATALOGING SOURCE | |
| Transcribing agency | AL |
| 041 ## - LANGUAGE CODE | |
| Language code of text/sound track or separate title | mal |
| 100 ## - MAIN ENTRY--PERSONAL NAME | |
| Personal name | K S Ravikumar |
| 100 ## - MAIN ENTRY--PERSONAL NAME | |
| 9 (RLIN) | 237196 |
| 100 ## - MAIN ENTRY--PERSONAL NAME | |
| Dates associated with a name | കെ എസ രവികുമാർ |
| 9 (RLIN) | 236982 |
| 245 ## - TITLE STATEMENT | |
| Title | Sugathakumari |
| Remainder of title | : സുഗതകുമാരി |
| 260 ## - PUBLICATION, DISTRIBUTION, ETC. | |
| Place of publication, distribution, etc. | New Delhi |
| Name of publisher, distributor, etc. | Sahitya Akademi |
| Date of publication, distribution, etc. | 2024 |
| 300 ## - PHYSICAL DESCRIPTION | |
| Extent | 112p. |
| Other physical details | PB |
| Dimensions | 21.5x14cm |
| 365 ## - TRADE PRICE | |
| Source of price type code | Malayalam |
| Price type code | 3051 |
| Price amount | 70.00 |
| Currency code | ₹ |
| Unit of pricing | 100.00 |
| Price note | 30% |
| Price effective from | 14-08-2025 |
| 650 ## - SUBJECT ADDED ENTRY--TOPICAL TERM | |
| Topical term or geographic name entry element | Monograph on Malayalam Writer |
| 9 (RLIN) | 236983 |
| 650 ## - SUBJECT ADDED ENTRY--TOPICAL TERM | |
| Topical term or geographic name entry element | Malayalam Literature |
| 9 (RLIN) | 236984 |
| 650 ## - SUBJECT ADDED ENTRY--TOPICAL TERM | |
| Topical term or geographic name entry element | Biography |
| 9 (RLIN) | 236985 |
| 942 ## - ADDED ENTRY ELEMENTS (KOHA) | |
| Source of classification or shelving scheme | Dewey Decimal Classification |
| Koha item type | Book |
| Withdrawn status | Lost status | Source of classification or shelving scheme | Damaged status | Not for loan | Collection code | Home library | Current library | Shelving location | Date acquired | Source of acquisition | Cost, normal purchase price | Total Checkouts | Full call number | Barcode | Date last seen | Cost, replacement price | Price effective from | Koha item type |
|---|---|---|---|---|---|---|---|---|---|---|---|---|---|---|---|---|---|---|
| Dewey Decimal Classification | Malayalam | St Aloysius Library | St Aloysius Library | Stack Section | 08/21/2025 | Sahitya Akademi, Bangalore-560001 | 70.00 | 891.8128 RAVS | 077794 | 08/22/2025 | 100.00 | 08/14/2025 | Book |